|
|
|
|
| LEADER |
00000nab a2200000 a 4500 |
| 001 |
vtls000815870 |
| 003 |
SK-MaSNL |
| 005 |
20260302151738.0 |
| 008 |
180205c2002 xo 0 slo |
| 015 |
|
|
|a SNBRB2002/11-38447
|
| 035 |
|
|
|a CLN000167525
|
| 040 |
|
|
|a SNKBUCL
|b slo
|c SNKBUCL
|e AACR2
|
| 041 |
0 |
|
|a slo
|
| 044 |
|
|
|a xo
|c SK
|
| 080 |
|
|
|a 636.74.082.1
|2 UDC-MRF-SK2
|
| 080 |
|
|
|a 636.082.1
|2 UDC-MRF-SK2
|
| 245 |
0 |
0 |
|a Tibetská doga - syn hôr
|c spracovala Martina Hudcovičová
|
| 300 |
|
|
|b Fotogr.
|
| 650 |
0 |
7 |
|a tibetská doga
|2 SNKPH
|9 68874
|
| 650 |
0 |
7 |
|a plemená psov
|2 SNKPH
|9 73412
|
| 655 |
|
7 |
|a články z novín a časopisov
|2 snkbucl
|9 267496
|
| 700 |
1 |
|
|a Hudcovičová, Martina
|4 apd
|9 20382
|
| 773 |
0 |
|
|x 1335-7778
|t Pes a mačka
|g Roč. 2, č. 5 (2002), s. 4-8
|
| 850 |
|
|
|a Slovenská národná knižnica v Martine
|
| 852 |
|
|
|a SNK
|b KIS3GCP
|
| 958 |
|
|
|a RBX
|
| 999 |
|
|
|c 1360721
|d 1362651
|